Leonardo DiCaprio - Sudden Death - Statistics

General Stats
  • This quiz has been taken 1,018 times
  • The average score is 12 of 18
Answers on the Grid
Answers color-coded by a green-red scale on the quiz's grid according to % correct below.
Titanic
Interstellar
Gangs of New York
The Hurt Locker
LA Confidential
What’s Eating Gilbert Grape?
Django Unchained
This Boy’s Life
Age of Innocence
Wolf of Wall Street
The Beach
Donnie Darko
The Quick and the Dead
Inception
The Basketball Diaries
Moneyball
Benny and Joon
American Hustle
Munich
The Departed
Blood Diamond
Spotlight
The Great Gatsby
Brokeback Mountain
Shutter Island
Romeo & Juliet
The Revenant
Blade Runner 2049
Catch me if you can
The Aviator
 
Answer Stats
Answer % Correct
Titanic
99%
Wolf of Wall Street
86%
Django Unchained
79%
Catch me if you can
78%
Inception
78%
The Great Gatsby
78%
Romeo & Juliet
77%
The Revenant
76%
Shutter Island
75%
Gangs of New York
72%
The Departed
69%
The Aviator
67%
What’s Eating Gilbert Grape?
67%
Blood Diamond
62%
The Beach
54%
The Basketball Diaries
44%
This Boy’s Life
31%
The Quick and the Dead
28%
No matching quizzes found
Score Distribution
Percent of People with Each Score
Percentile by Number Answered
Your Score History
You have not taken this quiz